| 000 | 00341nam a2200133Ia 4500 | ||
|---|---|---|---|
| 999 |
_c10814 _d10814 |
||
| 008 | 191201s2006 xx 000 0 und d | ||
| 082 |
_a381.410 _bSIR |
||
| 100 | _aSINGH, Sukhpal | ||
| 245 | 0 | _aRural Marketing : Focus on Agricultural Inputs | |
| 260 |
_aNew Delhi _bVikas Pub. _c2018 |
||
| 300 | _a138 | ||
| 650 | _aB Com | ||
| 942 |
_2ddc _cBK |
||